000 00361nam a22001217a 4500
008 230612b xxu||||| |||| 00| 0 eng d
082 _a354.62
_bGOK
100 _cGovernment of Kenya
245 _aReport of the Public Accounts Committee on the Government of Kenya Accounts for the year 2007/08
260 _aKenya
_bGOK
_c2008
300 _a670p
942 _2ddc
_cBK
999 _c1063
_d1063